| 000 | 00428nam a22001691a 4500 | ||
|---|---|---|---|
| 001 | 7624 | ||
| 003 | OSt | ||
| 005 | 20260204212138.0 | ||
| 008 | 080613s19.?||||xx ||||||b||||||||||S.N|| | ||
| 050 | _a657.8 S59s | ||
| 100 | _aSantos Crúz, Dhima E. | ||
| 245 | _aSistema de contabilidad económica / Dhima E. Santos Cruz | ||
| 264 | _a[s.l.] : [s.n.] | ||
| 300 | _a97 p | ||
| 650 | _aContabilidad - EconomíaÌ | ||
| 942 |
_2ddc _cBK |
||
| 999 |
_c7624 _d7624 |
||